Frank Oszkár zenepedagógiai öröksége
Elmentve itt :
| Szerző: | |
|---|---|
| Testületi szerző: | |
| Dokumentumtípus: | Könyv része |
| Megjelent: |
2020
|
| Sorozat: | A Juhász Gyula Pedagógusképző Kar Ének-Zene Tanszékének kiadványai
Kortársaink a művészetekben : tanulmánykötet Nemzetközi Zenei Konferencia |
| Kulcsszavak: | Frank Oszkár, Zeneszerzés - magyar - 20. sz., Zenepedagógia |
| Tárgyszavak: | |
| Online Access: | http://acta.bibl.u-szeged.hu/74336 |
| LEADER | 01083naa a2200265 i 4500 | ||
|---|---|---|---|
| 001 | acta74336 | ||
| 005 | 20260312150314.0 | ||
| 008 | 220218s2020 hu o 100 hun d | ||
| 020 | |a 978-963-315-421-2 | ||
| 040 | |a SZTE Egyetemi Kiadványok Repozitórium |b hun | ||
| 041 | |a hun | ||
| 100 | 1 | |a Dombi Józsefné | |
| 245 | 1 | 0 | |a Frank Oszkár zenepedagógiai öröksége |h [elektronikus dokumentum] / |c Dombi Józsefné |
| 260 | |c 2020 | ||
| 300 | |a 45-48 | ||
| 490 | 0 | |a A Juhász Gyula Pedagógusképző Kar Ének-Zene Tanszékének kiadványai | |
| 490 | 0 | |a Kortársaink a művészetekben : tanulmánykötet | |
| 490 | 0 | |a Nemzetközi Zenei Konferencia | |
| 650 | 4 | |a Társadalomtudományok | |
| 650 | 4 | |a Oktatástudomány | |
| 650 | 4 | |a Bölcsészettudományok | |
| 650 | 4 | |a Művészetek (művészetek, művészettörténet, előadóművészetek, zene) | |
| 695 | |a Frank Oszkár, Zeneszerzés - magyar - 20. sz., Zenepedagógia | ||
| 710 | |a Zenei évfordulók (20.) (2019) (Szeged) | ||
| 856 | 4 | 0 | |u http://acta.bibl.u-szeged.hu/74336/1/enek_zene_tanszek_2020_045-048.pdf |z Dokumentum-elérés |